000
00302nam a22001217a 4500
020
_a
07-023115-X
082
_a
624.1 STR'G
100
_a
GAYLORD, E.H,GAYLORD, C.N
_9
78994
245
_a
STRUCTURAL ENGINEERING HANDBOOK
260
_a
NEWYORK
_b
MCGRAW HILL
_c
1968
300
_a
XVIII, 26-20P
942
_c
BK
999
_c
584064
_d
584064